000 00425nam a2200169Ia 4500
008 230524s9999 xx 000 0 und d
020 _a8178083124
082 _a4.33
_bANT
100 _aJames L.Antonakos
245 3 _aAn Introduction to The Intel Family of Microprocessors
250 _a3ND
260 _aSINGAPORE
_bPearson
_c2004
300 _a768
500 _aQuantity Number: 2
650 _aComp-Sc
942 _cBK
999 _c4101
_d4101